000 00455nam a2200181 i 4500
001 bg
100 1 _aBRZOSKA, Zbigniew
245 0 _aWytrzymałość materiałów /
_cZ. Brzoska.
250 _aWyd.4.
260 _aWarszawa,
_c1983.
650 9 _aWytrzymałość materiałów
655 _aPodręczniki akademickie
040 _cBPK
041 _apol
080 _a620.1:539.3/.6](075.8)
942 _cKS
008 s pl f |000 0 pol
999 _c2891
_d2891
856 _uhttp://koha.tu.koszalin.pl/cgi-bin/koha/opac-detail.pl?biblionumber=2891
_yKatalog online BPK